• 首页
  • 本馆介绍
  • 公告通知
  • 最新文献
  • 馆藏检索
  • 电子资源
  • 读者导购
  • 参考咨询
  • 我的图书馆
  • 登录
  • 详细信息显示
  • 放入我的书架
  • 预约/预借图书
  • 作者相关作品
  • 分类相关作品
  • 丛书相关作品
  • 出版社相关作品

书目信息

  • 表格格式
  • 工作单格式
  • 卡片格式
题名:
部署IPv6网络
    
 
作者: 波波维丘 , 利维-阿贝格诺利 , 格罗斯泰特 著 ;王玲芳 译
分册:  
出版信息: 北京   人民邮电出版社  2013
页数: 518页
开本: 24cm
丛书名:
单 册:
中图分类: TN915.04
科图分类:
主题词: 互联网络--通信协议 , 互联网络 , 通信协议
电子资源:
ISBN: 978-7-115-30793-4
000 01429nam0 2200325 450
001 523
005 20140910085737.76
010    @a978-7-115-30793-4@dCNY89.00
100    @a20130411d2013 em y0chiy50 ea
101 1  @achi@ceng
102    @aCN@b110000
105    @aa z 000yy
106    @ar
200 1  @a部署IPv6网络@dDeploying IPv6 networks@f(美)Ciprian Popoviciu,(美)Eric Levy-Abegnoli,(美)Patrick Grossetete著@g王玲芳[等]译@zeng
205    @a2版
210    @a北京@c人民邮电出版社@d2013
215    @a518页@c图@d24cm
305    @a美国Cisco Press授权出版,据原书修订版译出
305    @a本书分为两部分,第一部分介绍设计和部署IPv6网络时需要的技术工具,包括IPv6框架、分发IPv6单播服务、IPv6路由选择协议、实施QoS、提供IPv6组播服务、VPN IPv6架构与服务、IPv6移动性、IPv6网络安全、管理IPv6网络、IPv4和IPv6共存等内容,对所有涉及到的主题都提供了配置示例;第二部分介绍通用的部署规划,并提供了3个完整的案例:在MPLS服务提供商网络中部署IPv6、在IP服务提供商网络中部署IPv6和在企业网中部署IPv6。
510 1  @aDeploying IPv6 networks@zeng
606 0  @a互联网络@x通信协议
606 0  @a互联网络
606 0  @a通信协议
690    @aTN915.04@v5
701  0 @c(美)@a波波维丘@c(Popoviciu, Ciprian)@4著
701  0 @c(美)@a利维-阿贝格诺利@c(Levy-Abegnoli, Eric)@4著
701  0 @c(美)@a格罗斯泰特@c(Grossetete, Patrick)@4著
702  0 @a王玲芳@4译
801  0 @aCN@bTANGWEI@c20140603
905    @b0841787-89@dTN915.04@e104=2@f3
    
    部署IPv6网络=Deploying IPv6 networks/(美)Ciprian Popoviciu,(美)Eric Levy-Abegnoli,(美)Patrick Grossetete著/王玲芳[等]译.-2版.-北京:人民邮电出版社,2013
    518页:图;24cm
    
    
    ISBN 978-7-115-30793-4:CNY89.00
    
●
相关链接 在E读中查询图书 在五车中查询图书 在当当中查询图书 在豆瓣中查询图书


正题名:部署IPv6网络     索取号:TN915.04/104=2         预约/预借

序号 登录号 条形码 馆藏地/架位号 状态 备注
1 0841787   208417872   第二样本阅览室/ [索取号:TN915.04/104=2] 在馆    
2 0841788   208417881   密集书库—计算机科学学院/ [索取号:TN915.04/104=2] 在馆    
3 0841789   208417890   第三借阅区/ [索取号:TN915.04/104=2] 在馆    
唐山师范学院图书馆 欢迎您!
大连网信软件有限公司© 版权所有